[Event "Doeberl Cup 49th"]
[Site "Canberra"]
[Date "2011.04.24"]
[Round "8"]
[White "Toth, Andras"]
[Black "Ikeda, Junta"]
[Result "1/2-1/2"]
[WhiteElo "2378"]
[BlackElo "2296"]
[PlyCount "33"]
[EventDate "2011.04.21"]
[EventType "swiss"]
[EventRounds "9"]
[EventCountry "AUS"]
[SourceTitle "CBM 141 Extra"]
[Source "ChessBase"]
[SourceDate "2011.05.03"]
[SourceVersion "1"]
[SourceVersionDate "2011.05.03"]
[SourceQuality "1"]

1. d4 Nf6 2. c4 e6 3. Nf3 b6 4. a3 Bb7 5. Nc3 d5 6. cxd5 Nxd5 7. e3 g6 8. Bd3 Bg7 9. e4 Nxc3 10. bxc3 Nd7 11. Bg5 Qc8 12. Qe2 c5 13. 0-0 0-0 14. Rac1 c4 15. Bb1 b5 16. Qe3 e5 17. dxe5 1/2-1/2

[Event "Doeberl Cup 49th"]
[Site "Canberra"]
[Date "2011.04.21"]
[Round "1"]
[White "Milligan, Helen"]
[Black "Toth, Andras"]
[Result "0-1"]
[WhiteElo "2023"]
[BlackElo "2378"]
[PlyCount "104"]
[EventDate "2011.04.21"]
[EventType "swiss"]
[EventRounds "9"]
[EventCountry "AUS"]
[SourceTitle "CBM 141 Extra"]
[Source "ChessBase"]
[SourceDate "2011.05.03"]
[SourceVersion "1"]
[SourceVersionDate "2011.05.03"]
[SourceQuality "1"]

1. e4 c5 2. Nf3 d6 3. Bb5+ Nd7 4. d4 cxd4 5. Qxd4 a6 6. Bc4 Ngf6 7. Nc3 e6 8. Bg5 b5 9. Bb3 Qc7 10. 0-0 Qc5 11. a3 Bb7 12. Rfe1 Ne5 13. Be3 Nxf3+ 14. gxf3 Nd7 15. f4 Qh5 16. Qd3 Qg4+ 17. Kf1 Be7 18. Bd4 Qxf4 19. Re3 Ne5 20. Bxe5 Qxe5 21. Rae1 0-0 22. Rh3 Bf6 23. Qf3 g6 24. Qg4 Qg5 25. Qxg5 Bxg5 26. Rd3 Bf4 27. h3 Be5 28. f3 Rac8 29. Nd1 a5 30. c3 Ba6 31. Kf2 a4 32. Bc2 b4 33. axb4 Bxd3 34. Bxd3 a3 35. bxa3 Ra8 36. Re2 Rxa3 37. Rc2 Rc8 38. Ke2 d5 39. Bb5 d4 40. Kd3 dxc3 41. Ne3 Rb3 42. Nc4 Rxb4 43. Nxe5 Rxb5 44. Ng4 Rb2 45. Rxc3 Rxc3+ 46. Kxc3 Rg2 47. Kd3 Rg3 48. Ke3 Rxh3 49. e5 g5 50. Kf2 Kg7 51. Nf6 Kg6 52. Kg2 Rh4 0-1

[Event "Doeberl Cup 49th"]
[Site "Canberra"]
[Date "2011.04.21"]
[Round "6"]
[White "Toth, Andras"]
[Black "Dragicevic, Domagoj"]
[Result "1-0"]
[WhiteElo "2378"]
[BlackElo "2194"]
[PlyCount "43"]
[EventDate "2011.04.21"]
[EventType "swiss"]
[EventRounds "9"]
[EventCountry "AUS"]
[SourceTitle "CBM 141 Extra"]
[Source "ChessBase"]
[SourceDate "2011.05.03"]
[SourceVersion "1"]
[SourceVersionDate "2011.05.03"]
[SourceQuality "1"]

1. d4 d5 2. c4 e6 3. Nf3 Nf6 4. Nc3 Bb4 5. e3 c5 6. Bd3 Nc6 7. 0-0 0-0 8. a3 Bxc3 9. bxc3 Re8 10. Qc2 Qc7 11. Bb2 Bd7 12. cxd5 exd5 13. c4 dxc4 14. Bxc4 cxd4 15. Ng5 Be6 16. Nxe6 fxe6 17. exd4 Rac8 18. Rac1 Qf4 19. Rfe1 Nd5 20. Rxe6 Rxe6 21. Bxd5 Qd6 22. Qb3 1-0

[Event "Doeberl Cup 48th"]
[Site "Canberra"]
[Date "2010.04.02"]
[Round "3"]
[White "Barua, Dibyendu"]
[Black "Toth, Andras"]
[Result "1-0"]
[WhiteElo "2473"]
[BlackElo "2385"]
[PlyCount "51"]
[EventDate "2010.04.01"]
[EventType "swiss"]
[EventRounds "9"]
[EventCountry "AUS"]
[SourceTitle "CBM 135 Extra"]
[Source "ChessBase"]
[SourceDate "2010.05.04"]
[SourceVersion "1"]
[SourceVersionDate "2010.05.04"]
[SourceQuality "1"]

1. e4 c5 2. Nf3 Nc6 3. d4 cxd4 4. Nxd4 Qb6 5. Nb3 Nf6 6. Nc3 e6 7. a3 a6 8. Be3 Qc7 9. f4 d6 10. Bd3 b5 11. 0-0 Be7 12. Qf3 Bb7 13. Qh3 b4 14. axb4 Nxb4 15. Na5 Bc8 16. Qg3 0-0 17. Nc4 d5 18. exd5 exd5 19. Ne5 Nxd3 20. Nxd3 Bf5 21. Bd4 Bxd3 22. Nxd5 Qxc2 23. Nxe7+ Kh8 24. Rac1 Qb3 25. Rc3 Qe6 26. Qxd3 1-0

[Event "Canberra ANU op"]
[Site "Canberra"]
[Date "2009.07.26"]
[Round "6"]
[White "Toth, Andras"]
[Black "Ikeda, Junta"]
[Result "1/2-1/2"]
[WhiteElo "2368"]
[BlackElo "2272"]
[PlyCount "87"]
[EventDate "2009.07.25"]
[EventType "swiss"]
[EventRounds "7"]
[EventCountry "AUS"]
[SourceTitle "EXT 2011"]
[Source "ChessBase"]
[SourceDate "2010.11.26"]
[SourceVersion "1"]
[SourceVersionDate "2010.11.26"]
[SourceQuality "1"]

1. d4 Nf6 2. Nf3 e6 3. c4 b6 4. g3 Bb7 5. Bg2 Bb4+ 6. Bd2 Bxd2+ 7. Nbxd2 c5 8. dxc5 bxc5 9. 0-0 0-0 10. Qc2 d6 11. Rfd1 Qc7 12. Nb1 Rd8 13. Nc3 a6 14. Rd2 Nbd7 15. Rad1 Nb6 16. b3 Rac8 17. Ng5 Bxg2 18. Kxg2 d5 19. cxd5 exd5 20. Qf5 h6 21. Nf3 d4 22. Ne4 Nxe4 23. Qxe4 Nd5 24. Rc1 Nc3 25. Qd3 Re8 26. Qxa6 Re6 27. Qc4 g5 28. h3 Qb7 29. Rxc3 dxc3 30. Qxc3 Qb4 31. Qd3 c4 32. bxc4 Qxc4 33. Qxc4 Rxc4 34. g4 Ra4 35. e3 Rea6 36. Rd5 Rxa2 37. h4 R2a5 38. Rd7 Kg7 39. Kg3 Kf6 40. Nd4 Ra2 41. h5 Kg7 42. Nf5+ Kg8 43. Kf3 Re6 44. Rd8+ 1/2-1/2

[Event "Canberra ANU op"]
[Site "Canberra"]
[Date "2009.07.26"]
[Round "5"]
[White "Toth, Andras"]
[Black "Smerdon, David"]
[Result "1/2-1/2"]
[WhiteElo "2368"]
[BlackElo "2526"]
[PlyCount "93"]
[EventDate "2009.07.25"]
[EventType "swiss"]
[EventRounds "7"]
[EventCountry "AUS"]
[SourceTitle "EXT 2011"]
[Source "ChessBase"]
[SourceDate "2010.11.26"]
[SourceVersion "1"]
[SourceVersionDate "2010.11.26"]
[SourceQuality "1"]

1. e4 c5 2. Nf3 d6 3. d4 cxd4 4. Nxd4 Nf6 5. Nc3 g6 6. Be3 Bg7 7. f3 Nc6 8. Qd2 0-0 9. g4 Be6 10. 0-0-0 Nxd4 11. Bxd4 Qa5 12. a3 Rab8 13. h4 b5 14. Nd5 Qxd2+ 15. Rxd2 Bxd5 16. exd5 a5 17. Be2 Nd7 18. f4 Rfc8 19. Rh3 Nc5 20. Bxg7 Kxg7 21. b4 axb4 22. axb4 Ne4 23. Rd4 Nc3 24. Bf1 Rc7 25. Kb2 Rbc8 26. Kb3 f5 27. gxf5 gxf5 28. Bd3 Kf6 29. Re3 Nd1 30. Re6+ Kf7 31. Re1 Rc3+ 32. Ka2 Nf2 33. Bxf5 R8c4 34. Rxc4 Rxc4 35. Kb3 Rxf4 36. Bxh7 Rxh4 37. Bf5 Ke8 38. Ra1 Rf4 39. Be6 Rf3+ 40. c3 Kd8 41. Ra7 Ne4 42. Rd7+ Ke8 43. Rc7 Kf8 44. Bd7 Nd2+ 45. Ka2 Ne4 46. Kb3 Nd2+ 47. Ka2 1/2-1/2

[Event "Canberra ANU op"]
[Site "Canberra"]
[Date "2009.07.25"]
[Round "2"]
[White "Holmes, Adam"]
[Black "Toth, Andras"]
[Result "0-1"]
[WhiteElo "2070"]
[BlackElo "2368"]
[PlyCount "92"]
[EventDate "2009.07.25"]
[EventType "swiss"]
[EventRounds "7"]
[EventCountry "AUS"]
[SourceTitle "EXT 2011"]
[Source "ChessBase"]
[SourceDate "2010.11.26"]
[SourceVersion "1"]
[SourceVersionDate "2010.11.26"]
[SourceQuality "1"]

1. e4 c5 2. Nf3 d6 3. d4 cxd4 4. Nxd4 Nf6 5. Nc3 a6 6. Bc4 e6 7. Bb3 b5 8. Bg5 Be7 9. Qf3 Qb6 10. 0-0-0 Nbd7 11. Rhe1 0-0 12. Qg3 Nc5 13. f4 b4 14. Na4 Nxb3+ 15. axb3 Qb7 16. Bh6 Ne8 17. f5 e5 18. Nf3 Qc7 19. h4 Bd7 20. h5 Kh8 21. Be3 Bxa4 22. bxa4 b3 23. c3 h6 24. Kd2 Nf6 25. Bf2 Qc4 26. Qh4 Qxa4 27. Re2 Rfe8 28. Ke1 Qb5 29. Qh3 d5 30. Nxe5 Nxe4 31. Nxf7+ Kg8 32. Ne5 Bf6 33. Nd3 Nxf2 34. Kxf2 Rxe2+ 35. Kxe2 Re8+ 36. Kf1 d4 37. cxd4 Bxd4 38. Re1 Rf8 39. g4 Bxb2 40. Kg2 Bf6 41. Rb1 Rd8 42. Rd1 b2 43. Qe3 b1Q 44. Qe6+ Kh8 45. Nf4 Qc2+ 46. Kf3 Qbc6+ 0-1

[Event "Canberra ANU op"]
[Site "Canberra"]
[Date "2009.07.25"]
[Round "1"]
[White "Toth, Andras"]
[Black "Setiabudi, Allen"]
[Result "1-0"]
[WhiteElo "2368"]
[BlackElo "1801"]
[PlyCount "63"]
[EventDate "2009.07.25"]
[EventType "swiss"]
[EventRounds "7"]
[EventCountry "AUS"]
[SourceTitle "EXT 2011"]
[Source "ChessBase"]
[SourceDate "2010.11.26"]
[SourceVersion "1"]
[SourceVersionDate "2010.11.26"]
[SourceQuality "1"]

1. e4 c5 2. Nf3 e6 3. d4 cxd4 4. Nxd4 a6 5. Bd3 Qc7 6. 0-0 Nf6 7. f4 d5 8. e5 Nfd7 9. Be3 Nc6 10. c3 Nc5 11. Bc2 Bd7 12. Nd2 Be7 13. h4 Nxd4 14. Bxd4 Ne4 15. Nxe4 dxe4 16. Bxe4 Bb5 17. Rf2 Rd8 18. a3 Bc6 19. Bc2 b5 20. f5 Bd5 21. Qg4 Bf8 22. a4 exf5 23. Bxf5 g6 24. e6 gxf5 25. exf7+ Qxf7 26. Re1+ Be7 27. Rxf5 Qg6 28. Rg5 Rg8 29. Rxg6 Rxg6 30. Qh5 Bxg2 31. Rxe7+ Kxe7 32. Qxh7+ 1-0

[Event "Doeberl Cup 47th"]
[Site "Canberra"]
[Date "2009.04.13"]
[Round "9"]
[White "Toth, Andras"]
[Black "Karavade, Eesha"]
[Result "1/2-1/2"]
[WhiteElo "2399"]
[BlackElo "2359"]
[PlyCount "41"]
[EventDate "2009.04.09"]
[EventType "swiss"]
[EventRounds "9"]
[EventCountry "AUS"]
[SourceTitle "CBM 129 Extra"]
[Source "ChessBase"]
[SourceDate "2009.05.05"]
[SourceVersion "2"]
[SourceVersionDate "2009.05.20"]
[SourceQuality "1"]

1. e4 c5 2. Nf3 d6 3. d4 cxd4 4. Nxd4 Nf6 5. Nc3 e6 6. Bc4 Be7 7. Bb3 Na6 8. f4 Nc5 9. Qf3 0-0 10. Be3 a5 11. Bc4 Ncxe4 12. Nxe4 Nxe4 13. Qxe4 d5 14. Bxd5 exd5 15. Qf3 a4 16. 0-0 Bf6 17. Rad1 Re8 18. Bf2 Qa5 19. c3 Bd7 20. Rfe1 h6 21. h3 1/2-1/2

[Event "HUN-chT 0809"]
[Site "Hungary"]
[Date "2008.12.21"]
[Round "4"]
[White "Toth, Andras"]
[Black "Horvath, Csaba"]
[Result "1/2-1/2"]
[WhiteElo "2401"]
[BlackElo "2529"]
[PlyCount "75"]
[EventDate "2008.10.26"]
[EventType "team-tourn"]
[EventRounds "11"]
[EventCountry "HUN"]
[SourceTitle "EXT 2010"]
[Source "ChessBase"]
[SourceDate "2010.11.25"]
[SourceVersion "1"]
[SourceVersionDate "2010.11.25"]
[SourceQuality "1"]
[WhiteTeam "Paks"]
[BlackTeam "Csuti"]
[WhiteTeamCountry "HUN"]
[BlackTeamCountry "HUN"]

1. e4 c5 2. Nf3 e6 3. d4 cxd4 4. Nxd4 a6 5. Bd3 Bc5 6. Nb3 Be7 7. c4 d6 8. Nc3 Nf6 9. 0-0 b6 10. f4 Nbd7 11. Qe2 Bb7 12. Bd2 0-0 13. Nd4 Re8 14. Kh1 g6 15. Nf3 Bf8 16. Rae1 Bg7 17. Qf2 Rc8 18. Qh4 Nh5 19. Qf2 Bxc3 20. bxc3 e5 21. fxe5 dxe5 22. c5 Rxc5 23. Bc2 f6 24. Bb3+ Kh8 25. Qh4 Nf4 26. Bxf4 exf4 27. Qxf4 g5 28. Qd2 Bxe4 29. Rd1 Bxf3 30. gxf3 Re7 31. Qd6 Qe8 32. Bd5 Qf8 33. f4 Rg7 34. Qxf8+ Nxf8 35. fxg5 Rxg5 36. Rxf6 Rgxd5 37. Rxf8+ Kg7 38. Rdf1 1/2-1/2

[Event "Kaikoura op"]
[Site "Kaikoura"]
[Date "2008.11.11"]
[Round "8"]
[White "Toth, Andras"]
[Black "Bennett, Hilton Petrie"]
[Result "1-0"]
[WhiteElo "2401"]
[BlackElo "2022"]
[PlyCount "103"]
[EventDate "2008.11.08"]
[EventType "swiss"]
[EventRounds "9"]
[EventCountry "NZL"]
[SourceTitle "CBM 127 Extra"]
[Source "ChessBase"]
[SourceDate "2009.01.08"]
[SourceVersion "2"]
[SourceVersionDate "2009.01.28"]
[SourceQuality "1"]

1. d4 Nf6 2. Nf3 g6 3. c4 Bg7 4. Nc3 0-0 5. e4 d6 6. Be2 e5 7. Be3 Na6 8. dxe5 dxe5 9. 0-0 Ng4 10. Bg5 Qe8 11. h3 f6 12. Bd2 Nh6 13. a3 Nf7 14. b4 c6 15. c5 Nc7 16. Bc4 Be6 17. Qb3 Bxc4 18. Qxc4 Qe6 19. Qxe6 Nxe6 20. Na4 Rfd8 21. Bc3 Nfg5 22. Nxg5 Nxg5 23. Rfe1 Rd3 24. Rac1 Rad8 25. Nb2 R3d7 26. Kf1 Ne6 27. Rcd1 Kf7 28. Rxd7+ Rxd7 29. Rd1 Rxd1+ 30. Nxd1 Bh6 31. Nb2 Bf8 32. Nc4 h5 33. Ke2 Be7 34. Ke3 Bf8 35. g3 Bh6+ 36. Kd3 Bf8 37. Bd2 Nd8 38. f4 Ke6 39. fxe5 fxe5 40. a4 Be7 41. Ke2 Nf7 42. Na5 Nd8 43. Kf3 Bf6 44. g4 Kf7 45. gxh5 gxh5 46. Bh6 Be7 47. Be3 Kg6 48. b5 cxb5 49. axb5 a6 50. c6 Nxc6 51. bxc6 bxc6 52. Nxc6 1-0

[Event "Kaikoura op"]
[Site "Kaikoura"]
[Date "2008.11.08"]
[Round "2"]
[White "Toth, Andras"]
[Black "Davis, Justin"]
[Result "1/2-1/2"]
[WhiteElo "2401"]
[BlackElo "1895"]
[PlyCount "53"]
[EventDate "2008.11.08"]
[EventType "swiss"]
[EventRounds "9"]
[EventCountry "NZL"]
[SourceTitle "CBM 127 Extra"]
[Source "ChessBase"]
[SourceDate "2009.01.08"]
[SourceVersion "2"]
[SourceVersionDate "2009.01.28"]
[SourceQuality "1"]

1. d4 d5 2. c4 e6 3. Nc3 Nf6 4. Nf3 Be7 5. Bf4 c6 6. e3 0-0 7. Qc2 Nbd7 8. h3 Qa5 9. Bd3 dxc4 10. Bxc4 b5 11. Bd3 b4 12. Ne2 Ba6 13. 0-0 c5 14. a3 Bxd3 15. Qxd3 cxd4 16. axb4 Qxb4 17. Nexd4 Nc5 18. Qe2 Rfc8 19. Ne5 Bf8 20. Nec6 Qb7 21. b4 Nb3 22. Nxb3 Qxc6 23. Nd4 Qd5 24. Ra5 Qd8 25. Rb5 Nd5 26. Qg4 Qd7 27. Be5 1/2-1/2

[Event "Adelaide Checkmate op"]
[Site "Adelaide"]
[Date "2008.07.06"]
[Round "7"]
[White "Toth, Andras"]
[Black "Smerdon, David"]
[Result "1/2-1/2"]
[WhiteElo "2401"]
[BlackElo "2463"]
[PlyCount "23"]
[EventDate "2008.07.05"]
[EventType "swiss"]
[EventRounds "7"]
[EventCountry "AUS"]
[SourceTitle "EXT 2023"]
[Source "ChessBase"]
[SourceDate "2022.10.05"]
[SourceVersion "1"]
[SourceVersionDate "2022.10.05"]
[SourceQuality "1"]

1. c4 e6 2. Nc3 d5 3. d4 Nf6 4. Bg5 Be7 5. Nf3 0-0 6. e3 Nbd7 7. Rc1 Re8 8. Bd3 a6 9. cxd5 exd5 10. 0-0 c6 11. Qc2 Nf8 12. Ne5 1/2-1/2

[Event "Doeberl Cup 46th"]
[Site "Canberra"]
[Date "2008.03.22"]
[Round "5"]
[White "Toth, Andras"]
[Black "Dragicevic, Domagoj"]
[Result "1-0"]
[WhiteElo "2410"]
[BlackElo "2215"]
[PlyCount "41"]
[EventDate "2008.03.20"]
[EventType "swiss"]
[EventRounds "9"]
[EventCountry "AUS"]
[SourceTitle "CBM 123 Extra"]
[Source "ChessBase"]
[SourceDate "2008.05.06"]
[SourceVersion "1"]
[SourceVersionDate "2008.05.06"]
[SourceQuality "1"]

1. e4 b6 2. d4 Bb7 3. Bd3 Nf6 4. Nd2 e6 5. Ngf3 d5 6. e5 Nfd7 7. Qe2 Be7 8. h4 c5 9. c3 h6 10. Nf1 a5 11. Ng3 Ba6 12. c4 Nc6 13. Nh5 g6 14. cxd5 Bxd3 15. Qxd3 Nb4 16. Ng7+ Kf8 17. Nxe6+ fxe6 18. Qxg6 Qe8 19. Bxh6+ Rxh6 20. Qxh6+ Kg8 21. Rh3 1-0

[Event "Doeberl Cup 46th"]
[Site "Canberra"]
[Date "2008.03.21"]
[Round "3"]
[White "Toth, Andras"]
[Black "Suttor, Vincent"]
[Result "1-0"]
[WhiteElo "2410"]
[BlackElo "2139"]
[PlyCount "117"]
[EventDate "2008.03.20"]
[EventType "swiss"]
[EventRounds "9"]
[EventCountry "AUS"]
[SourceTitle "CBM 123 Extra"]
[Source "ChessBase"]
[SourceDate "2008.05.06"]
[SourceVersion "1"]
[SourceVersionDate "2008.05.06"]
[SourceQuality "1"]

1. d4 Nf6 2. Nf3 g6 3. c4 Bg7 4. Nc3 d6 5. e4 0-0 6. Be2 c5 7. 0-0 cxd4 8. Nxd4 Nc6 9. Be3 Bd7 10. Qd2 Nxd4 11. Bxd4 Bc6 12. f3 Nd7 13. Be3 a5 14. b3 Nc5 15. Rab1 Qd7 16. Nb5 Rfd8 17. Nd4 Qc7 18. a3 Bd7 19. Rfd1 Rdc8 20. Bf1 Ne6 21. Nxe6 Bxe6 22. a4 b6 23. g3 Bd7 24. Bg2 Bc6 25. Qc2 Rf8 26. b4 Rfc8 27. b5 Bd7 28. Rbc1 Rab8 29. Qf2 Be6 30. Rc2 Qb7 31. Rdc1 Qc7 32. f4 Rf8 33. Rd1 Bg4 34. Rdc1 Be6 35. h3 Bd7 36. Rd1 Rfc8 37. g4 f5 38. Bf3 Kh8 39. Kh2 fxe4 40. Bxe4 Rf8 41. Qh4 Be8 42. Rf1 e6 43. Rd1 Bf7 44. Qf2 g5 45. Kh1 gxf4 46. Bxf4 e5 47. Qh4 Bg8 48. Be3 Bf6 49. g5 Bd8 50. Qh6 Be7 51. Rg1 Rf7 52. g6 Rg7 53. Rcg2 Bf8 54. gxh7 Bxc4 55. Bg5 d5 56. Bf6 Rb7 57. Rxg7 Bxg7 58. Qxg7+ Qxg7 59. Bf5 1-0

[Event "Doeberl Cup 46th"]
[Site "Canberra"]
[Date "2008.03.20"]
[Round "2"]
[White "Skiotis, Pano"]
[Black "Toth, Andras"]
[Result "1-0"]
[WhiteElo "2174"]
[BlackElo "2410"]
[PlyCount "94"]
[EventDate "2008.03.20"]
[EventType "swiss"]
[EventRounds "9"]
[EventCountry "AUS"]
[SourceTitle "CBM 123 Extra"]
[Source "ChessBase"]
[SourceDate "2008.05.06"]
[SourceVersion "1"]
[SourceVersionDate "2008.05.06"]
[SourceQuality "1"]

1. d4 Nf6 2. Nf3 g6 3. Bf4 Bg7 4. e3 d5 5. Be2 c5 6. Nc3 a6 7. dxc5 Nbd7 8. 0-0 Nxc5 9. Be5 Ncd7 10. Bd4 0-0 11. Nxd5 Nxd5 12. Bxg7 Nxe3 13. Qd2 Kxg7 14. Qxe3 Qb6 15. Qxb6 Nxb6 16. Ne5 Bf5 17. Bd3 Bxd3 18. Nxd3 Rac8 19. Rfe1 e6 20. Re2 Rfd8 21. Rae1 Na4 22. f4 b5 23. Kf2 Nb6 24. Kf3 Nd5 25. g3 b4 26. Ra1 Rb8 27. Ne5 Rdc8 28. Rd2 a5 29. Rg1 a4 30. Rb1 f6 31. Nd3 Rc6 32. Re1 Rbc8 33. Rc1 a3 34. b3 Rb6 35. Re1 Rbc6 36. Rc1 Rc3 37. Ke2 h5 38. Kf2 R8c7 39. Ke2 e5 40. fxe5 fxe5 41. Nf2 Re3+ 42. Kf1 Nc3 43. Ra1 Rf7 44. Kg2 e4 45. Nh3 Re2+ 46. Rxe2 Nxe2 47. Ng5 Rc7 1-0

[Event "Doeberl Cup 46th"]
[Site "Canberra"]
[Date "2008.03.20"]
[Round "1"]
[White "Toth, Andras"]
[Black "Nakauchi, Gene"]
[Result "1-0"]
[WhiteElo "2410"]
[BlackElo "2092"]
[PlyCount "67"]
[EventDate "2008.03.20"]
[EventType "swiss"]
[EventRounds "9"]
[EventCountry "AUS"]
[SourceTitle "CBM 123 Extra"]
[Source "ChessBase"]
[SourceDate "2008.05.06"]
[SourceVersion "1"]
[SourceVersionDate "2008.05.06"]
[SourceQuality "1"]

1. e4 c5 2. Nf3 e6 3. d4 cxd4 4. Nxd4 a6 5. Bd3 Bc5 6. Nb3 Be7 7. c4 d6 8. Nc3 Nf6 9. 0-0 b6 10. f4 Nbd7 11. Be3 Bb7 12. Qf3 h5 13. Rac1 Rc8 14. Nd4 Qc7 15. b4 Qb8 16. f5 Ne5 17. Qe2 Nxd3 18. Qxd3 e5 19. Nf3 d5 20. exd5 Bxb4 21. Ne4 Be7 22. Nfg5 Nxe4 23. Nxe4 f6 24. Rb1 Qc7 25. Rfc1 Kf7 26. Rxb6 Rcd8 27. Qb3 Ba8 28. d6 Qd7 29. c5+ Ke8 30. dxe7 Kxe7 31. Re6+ Kf8 32. Rd6 Qc7 33. c6 Rxd6 34. Nxd6 1-0

[Event "HUN-chT 0708"]
[Site "Hungary"]
[Date "2007.12.16"]
[Round "5"]
[White "Toth, Andras"]
[Black "Szamoskozi, Gabor"]
[Result "1/2-1/2"]
[WhiteElo "2410"]
[BlackElo "2280"]
[PlyCount "93"]
[EventDate "2007.10.14"]
[EventType "team"]
[EventRounds "11"]
[EventCountry "HUN"]
[SourceTitle "EXT 2009"]
[Source "ChessBase"]
[SourceDate "2008.11.26"]
[SourceVersion "1"]
[SourceVersionDate "2008.11.26"]
[SourceQuality "1"]
[WhiteTeam "Paks"]
[BlackTeam "BEAC"]
[WhiteTeamCountry "HUN"]
[BlackTeamCountry "HUN"]

1. e4 c5 2. Nf3 Nc6 3. d4 cxd4 4. Nxd4 Nf6 5. Nc3 e5 6. Ndb5 d6 7. Bg5 a6 8. Na3 b5 9. Bxf6 gxf6 10. Nd5 f5 11. c3 Bg7 12. Bd3 Ne7 13. Nxe7 Qxe7 14. 0-0 0-0 15. Nc2 Bb7 16. exf5 d5 17. Re1 Qg5 18. Ne3 Rfe8 19. g3 e4 20. Bf1 Rad8 21. Qb3 d4 22. cxd4 Bxd4 23. Rad1 Bxe3 24. Qxe3 Qxe3 25. fxe3 Kg7 26. Be2 Kf6 27. g4 Rd5 28. Kf2 Rc8 29. Rc1 Rxc1 30. Rxc1 Rd2 31. Rb1 Bd5 32. Ke1 Bxa2 33. Kxd2 Bxb1 34. Kc1 Ba2 35. Kc2 Bd5 36. Kc3 Ke5 37. Kb4 Kd6 38. g5 Ke5 39. Bg4 f6 40. h4 Bb7 41. gxf6 Kxf6 42. Ka5 Bc8 43. b4 Bxf5 44. Bxf5 Kxf5 45. Kxa6 Kg4 46. Kxb5 Kf3 47. Kc4 1/2-1/2

[Event "Canberra ANU op"]
[Site "Canberra"]
[Date "2007.07.29"]
[Round "5"]
[White "Brown, Andrew"]
[Black "Toth, Andras"]
[Result "0-1"]
[WhiteElo "1914"]
[BlackElo "2403"]
[PlyCount "108"]
[EventDate "2007.07.28"]
[EventType "swiss"]
[EventRounds "7"]
[EventCountry "AUS"]
[SourceTitle "EXT 2010"]
[Source "ChessBase"]
[SourceDate "2010.11.25"]
[SourceVersion "1"]
[SourceVersionDate "2010.11.25"]
[SourceQuality "1"]

1. d4 c5 2. d5 Nf6 3. c4 e6 4. Nc3 exd5 5. cxd5 d6 6. e4 g6 7. Nf3 Bg7 8. Bc4 Bg4 9. Bf4 a6 10. a4 Nh5 11. Be3 Nd7 12. Be2 Bxf3 13. Bxf3 Nhf6 14. 0-0 0-0 15. Re1 Re8 16. Bf4 Qc7 17. Rc1 Ne5 18. Be2 Qb6 19. Qc2 Rac8 20. h3 Qb4 21. Bf1 Nh5 22. Na2 Qa5 23. Bd2 Qd8 24. Be2 Qh4 25. Bxh5 Qxh5 26. f4 Nd7 27. Bc3 Nf6 28. b3 Qh4 29. Re2 Nh5 30. Bxg7 Kxg7 31. Qc3+ f6 32. e5 Qxf4 33. exf6+ Qxf6 34. Rxe8 Rxe8 35. Rf1 Qxc3 36. Nxc3 Re3 37. Rf3 Rxf3 38. gxf3 Kf6 39. Kf2 Ke5 40. Ne4 Nf6 41. Ng5 Kxd5 42. Ke3 b5 43. axb5 axb5 44. Kd3 h5 45. f4 c4+ 46. bxc4+ bxc4+ 47. Ke3 Kc5 48. Ne6+ Kb4 49. Nf8 c3 50. Ne6 Kb3 51. Nd4+ Kb2 52. Kd3 Nd5 53. Ne2 c2 54. Kd4 Nc3 0-1

[Event "Canberra ANU op"]
[Site "Canberra"]
[Date "2007.07.29"]
[Round "6"]
[White "Toth, Andras"]
[Black "Caoili, Arianne"]
[Result "1-0"]
[WhiteElo "2403"]
[BlackElo "2144"]
[PlyCount "83"]
[EventDate "2007.07.28"]
[EventType "swiss"]
[EventRounds "7"]
[EventCountry "AUS"]
[SourceTitle "EXT 2010"]
[Source "ChessBase"]
[SourceDate "2010.11.25"]
[SourceVersion "1"]
[SourceVersionDate "2010.11.25"]
[SourceQuality "1"]

1. e4 e5 2. Nf3 Nc6 3. Bb5 a6 4. Ba4 Nf6 5. 0-0 Be7 6. Re1 b5 7. Bb3 d6 8. c3 0-0 9. h3 Nb8 10. d4 Nbd7 11. Nbd2 Bb7 12. Bc2 Re8 13. a4 Bf8 14. Bd3 c6 15. b4 Qc7 16. Bb2 Rad8 17. Qc2 Qb8 18. c4 bxa4 19. dxe5 dxe5 20. Rxa4 c5 21. b5 Qd6 22. Ra3 Nh5 23. Bf1 Nf4 24. Rea1 axb5 25. cxb5 Qg6 26. Nh4 Qh5 27. Ra7 Bc8 28. Nf5 Nb6 29. Ng3 Qg6 30. Nc4 Nxc4 31. Bxc4 Rd7 32. R1a6 Qg5 33. Rxd7 Bxd7 34. Ra7 Be6 35. Bxe6 Rxe6 36. Ra8 Qe7 37. Nf5 Qb7 38. Qa4 g6 39. Nh6+ Kg7 40. Ra7 Qb8 41. Nxf7 Be7 42. Nxe5 1-0

[Event "Canberra ANU op"]
[Site "Canberra"]
[Date "2007.07.28"]
[Round "4"]
[White "Toth, Andras"]
[Black "Lane, Gary William"]
[Result "1/2-1/2"]
[WhiteElo "2403"]
[BlackElo "2412"]
[PlyCount "67"]
[EventDate "2007.07.28"]
[EventType "swiss"]
[EventRounds "7"]
[EventCountry "AUS"]
[SourceTitle "EXT 2010"]
[Source "ChessBase"]
[SourceDate "2010.11.25"]
[SourceVersion "1"]
[SourceVersionDate "2010.11.25"]
[SourceQuality "1"]

1. e4 e5 2. Nf3 Nc6 3. Bb5 a6 4. Ba4 Nf6 5. 0-0 Be7 6. Re1 b5 7. Bb3 d6 8. c3 0-0 9. h3 Na5 10. Bc2 c5 11. d4 Qc7 12. Nbd2 Bd7 13. Nf1 cxd4 14. cxd4 Rac8 15. Bd3 Nc6 16. Be3 exd4 17. Nxd4 Ne5 18. Bb1 Nc4 19. Bc1 d5 20. exd5 Bb4 21. Re2 Qd6 22. a3 Bc5 23. Nb3 Bb6 24. Ne3 Rfe8 25. Qd3 Re5 26. Ba2 Nxe3 27. Bxe3 Rxd5 28. Qb1 Bxh3 29. gxh3 Bxe3 30. Rxe3 Rg5+ 31. Kh1 Qd5+ 32. f3 Ng4 33. Qc2 Qd7 34. Qg2 1/2-1/2

[Event "Adelaide Checkmate op"]
[Site "Adelaide"]
[Date "2007.07.07"]
[Round "2"]
[White "Nguyen, Giang"]
[Black "Toth, Andras"]
[Result "0-1"]
[WhiteElo "2097"]
[BlackElo "2421"]
[PlyCount "74"]
[EventDate "2007.07.07"]
[EventType "swiss"]
[EventRounds "7"]
[EventCountry "AUS"]
[SourceTitle "EXT 2010"]
[Source "ChessBase"]
[SourceDate "2010.11.25"]
[SourceVersion "1"]
[SourceVersionDate "2010.11.25"]
[SourceQuality "1"]

1. d4 Nf6 2. Nf3 g6 3. e3 Bg7 4. b3 0-0 5. Bb2 d6 6. Nbd2 Nc6 7. Be2 Nh5 8. Ng5 e5 9. h4 h6 10. d5 Ne7 11. Nge4 Nxd5 12. Bxh5 gxh5 13. Qxh5 f5 14. Nc3 Nf6 15. Qe2 a6 16. 0-0-0 b5 17. f3 Nh5 18. Qd3 Be6 19. Rdg1 Ng3 20. Rh2 d5 21. Nf1 Nxf1 22. Rxf1 c5 23. Rd1 d4 24. exd4 exd4 25. Ne2 c4 26. bxc4 bxc4 27. Qa3 Qc7 28. g3 c3 29. Ba1 Rfd8 30. Nf4 Bf7 31. Re2 Rab8 32. Qxa6 Bc4 33. Qa4 Bxe2 34. Nxe2 Ra8 35. Qb3+ Qf7 36. Qxf7+ Kxf7 37. Nf4 Ra3 0-1